000 00834nam0a22002291 4500
001 rc\2191050
005 20260406125244.0
035 _a(NLR Aleph) 006484275
090 _a6065829
_c6065829
100 _a20110829d1978 |||y0rusy50 ca
101 0 _arus
102 _aRU
105 _ay z |||||
200 1 _aМеры профилактики и борьбы с ценурозом овец
_eРекомендации
_fКраснояр. краев. упр. сел. хоз-ва, Краснояр. с.-х. ин-т
210 _aКрасноярск
_cБ. и.
_d1978
215 _a15 с.
_d20
712 0 2 _aКрасноярский сельскохозяйственный институт
_3RU\NLR\AUTH\8818448
_9310101
801 0 _aRU
_bNLR
_gpsbo
801 1 _aRU
_bELAR
_2rusmarc
852 _aNLR
_j79-4/15972
942 _cBOOK
980 _aNB